Vista normal Vista MARC

Entrada Nombre corporativo

Número de registros utilizados en: 5

001 - NÚMERO DE CONTROL

  • campo de control: 37277

003 - IDENTIFICADOR DE NÚMERO DE CONTROL

  • campo de control: OSt

005 - FECHA Y HORA DE LA ÚLTIMA TRANSACCIÓN

  • campo de control: 20221005161740.0

008 - ELEMENTOS DE DATO DE LONGITUD-FIJA

  • campo de control de longitud fija: 221005|| aca||aabn | a|a d

040 ## - FUENTE DE CATALOGACIÓN

  • Centro catalogador/agencia de origen: OSt
  • Centro/agencia transcriptor: OSt

110 ## - ENCABEZAMIENTO-NOMBRE DE ENTIDAD CORPORATIVA

  • Nombre de entidad corporativa o nombre de jurisdicción como elemento de entrada: CENTRO INTERDISCIPLINARIO DE ESTUDIOS SOBRE EL DESARROLLO
  • Sede del congreso/Lugar de la reunión: Uruguay

670 ## - FUENTE DE DATOS ENCONTRADOS

  • Cita de la fuente: Work cat.: (OSt)56118: LONGHI, Augusto 37275, <Los> trabajadores y el mercado laboral en el Uruguay de hoy /, 1990

Con tecnología Koha